[Event "Christmas special"]
[Site "SchemingMind.com"]
[Date "2018.01.20"]
[Round "-"]
[White "The Stonewall"]
[Black "Chessibelle"]
[Result "1-0"]
[WhiteCountry "ENG"]
[BlackCountry "ENG"]
[WhiteElo "2365"]
[WhiteRD "91"]
[BlackElo "1069"]
[BlackRD "60"]
[GameID "423351"]

1. e4 e5 2. Nf3 Nc6 3. d4 f6 4. Bc4 Bb4+ 5. c3 Bd6 6. Be3 Nge7 7. Nbd2 a6 8. O-O b5 9. Bb3 Na7 10. dxe5 fxe5
11. Ng5 Rf8 12. Qh5+ Ng6 13. Nxh7 Rf7 14. Qxg6 Be7 15. Qxf7#
1-0

[Event "Christmas special"]
[Site "SchemingMind.com"]
[Date "2018.01.20"]
[Round "-"]
[White "The Stonewall"]
[Black "Stephen Woodhouse"]
[Result "1-0"]
[WhiteCountry "ENG"]
[BlackCountry "ENG"]
[WhiteElo "2365"]
[WhiteRD "91"]
[BlackElo "1821"]
[BlackRD "63"]
[GameID "423352"]

1. e4 e6 2. d4 d5 3. Nd2 c5 4. Ngf3 cxd4 5. Nxd4 Nf6 6. exd5 Qxd5 7. Nb5 Na6 8. c4 Qe5+ 9. Be2 Bd7 10. O-O Bxb5
11. cxb5 Nc5 12. Nc4 Qc7 13. g3 Be7 14. Bf4 Qd8 15. Qc2 O-O 16. Rfd1 Qe8 17. Nd6 Qb8 18. Nf5 Qe8 19. Nxe7+ Qxe7 20. Bd6
1-0

[Event "Christmas special"]
[Site "SchemingMind.com"]
[Date "2018.01.18"]
[Round "-"]
[White "Keithk"]
[Black "The Stonewall"]
[Result "1-0"]
[WhiteCountry "ENG"]
[BlackCountry "ENG"]
[WhiteElo "2231"]
[WhiteRD "82"]
[BlackElo "2290"]
[BlackRD "94"]
[GameID "423353"]

1. e4 e6 2. d4 d5 3. Nc3 Nf6 4. Bg5 Bb4 5. e5 h6 6. Bd2 Bxc3 7. bxc3 Ne4 8. Bc1 Nxc3 9. Qg4 g6 10. Bd3 c5
11. dxc5 Qa5 12. Bd2 Qxc5 13. Ne2 Nxe2 14. Qxe2 h5 15. O-O Nc6 16. Bg5 h4 17. Rfd1 h3 18. Bf6 Rh7 19. c4 hxg2 20. Rab1 Qa3
21. Qf3 Qa5 22. cxd5 exd5 23. h4 Rh5 24. e6 Bxe6 25. Re1 Kd7 26. Rxb7+ Kc8 27. Reb1 Rb8 28. Rxb8+ Nxb8 29. Qf4
1-0

[Event "Christmas special"]
[Site "SchemingMind.com"]
[Date "2018.01.16"]
[Round "-"]
[White "Mitch The Man"]
[Black "Omahony"]
[Result "0-1"]
[WhiteCountry "USA"]
[BlackCountry "ENG"]
[WhiteElo "1340"]
[WhiteRD "60"]
[BlackElo "1792"]
[BlackRD "69"]
[GameID "423355"]

1. e4 e6 2. e5 d5 3. d4 c5 4. Bb5+ Bd7 5. Bxd7+ Nxd7 6. Nf3 Qb6 7. O-O cxd4 8. Nxd4 Nxe5 9. Qe2 Ng6 10. b3 Nf6
11. Nf3 Be7 12. Be3 Bc5 13. Bxc5 Qxc5 14. g3 O-O 15. c3 Ne4 16. Nd4 Nxc3 17. Nxc3 Qxc3 18. Nb5 Qc6 19. Rac1 Qb6 20. Rfd1 Rac8
21. Rxc8 Rxc8 22. a4 a6 23. Qe3 Qxe3 24. fxe3 axb5 25. axb5 h6 26. b4 Rc4 27. Rb1 Ne5 28. Rb3 Nf3+ 29. Kg2 Nd2 30. Rb2 Ne4
31. h4 b6 32. Kf3 Nd6 33. Rb3 Nxb5
0-1

[Event "Christmas special"]
[Site "SchemingMind.com"]
[Date "2018.01.16"]
[Round "-"]
[White "Kenny Elliott"]
[Black "Omahony"]
[Result "0-1"]
[WhiteCountry "USA"]
[BlackCountry "ENG"]
[WhiteElo "1510"]
[WhiteRD "67"]
[BlackElo "1794"]
[BlackRD "77"]
[GameID "423356"]

1. d4 d5 2. c4 Bf5 3. Nc3 e6 4. Nf3 c6 5. cxd5 exd5 6. e3 Bd6 7. Bd3 Bg6 8. O-O Nf6 9. Bxg6 hxg6 10. Ne5 Nbd7
11. Qb3 Qc7 12. Re1 Nxe5 13. dxe5 Bxe5 14. Bd2 Bxh2+ 15. Kh1 Be5+ 16. Kg1 Rh5 17. g3 O-O-O 18. Rac1 Rdh8 19. Kf1 Qd7 20. Nb5 Qg4
21. Nxa7+ Kd8 22. Nxc6+ Ke8 23. Nxe5 Rh1+ 24. Kg2 R8h2#
0-1

[Event "Christmas special"]
[Site "SchemingMind.com"]
[Date "2018.01.18"]
[Round "-"]
[White "Omahony"]
[Black "The Stonewall"]
[Result "0-1"]
[WhiteCountry "ENG"]
[BlackCountry "ENG"]
[WhiteElo "1792"]
[WhiteRD "69"]
[BlackElo "2303"]
[BlackRD "96"]
[GameID "423357"]

1. d4 g6 2. e3 Bg7 3. Bd3 d6 4. f4 Nf6 5. Nf3 O-O 6. O-O Nc6 7. c3 e5 8. Nbd2 Qe7 9. Qc2 Re8 10. fxe5 dxe5
11. Bb5 Ng4 12. Nc4 e4 13. Nfe5 Ngxe5 14. dxe5 Bxe5 15. Nxe5 Qxe5 16. Be2 Qg5 17. Bd2 Bh3 18. Rf2 Rad8 19. Raf1 Ne5 20. Kh1 Bf5
21. Bc1 Nd3 22. Bxd3 exd3 23. Qd2 Rd7 24. b3 Be4 25. c4 f5 26. Bb2 h5 27. Qc3 Kh7 28. Bc1 h4 29. h3 Qg3 30. Bd2 Qxh3+
31. Kg1 Qg4 32. Rf3 f4 33. exf4 Bxf3 34. Rxf3 Re2 35. Rf2 Rxf2 36. Kxf2 Qg3+ 37. Kf1 h3 38. gxh3 Re7 39. Qd4 Re2
0-1

[Event "Christmas special"]
[Site "SchemingMind.com"]
[Date "2018.01.16"]
[Round "-"]
[White "Black Knight"]
[Black "Omahony"]
[Result "0-1"]
[WhiteCountry "USA"]
[BlackCountry "ENG"]
[WhiteElo "1318"]
[WhiteRD "57"]
[BlackElo "1797"]
[BlackRD "68"]
[GameID "423358"]

1. e4 e6 2. d4 d5 3. exd5 exd5 4. Qe2+ Be7 5. Nf3 Nf6 6. g3 O-O 7. Bg2 Re8 8. O-O c6 9. Nc3 Bg4 10. h3 Bh5
11. Qd3 Bg6 12. Qd1 h6 13. Ne5 Bh7 14. Re1 Nbd7 15. Bf4 Nf8 16. Qd2 Ne6 17. Ne2 Ne4 18. Bxe4 Bxe4 19. Nc3 Bh7 20. a3 Qb6
21. Be3 Rad8 22. b4 a6 23. a4 Bf8 24. a5 Qxb4 25. Ra4 Qd6 26. Ne2 c5 27. Nf4 Nxd4 28. Bxd4 cxd4 29. Nf3 Be4 30. Nxd4 Qc5
31. Nb3 Qc6 32. Rd4 g5 33. Nxd5 Bxd5 34. Rxe8 Bh1 35. Rxf8+ Rxf8 36. Kf1 Re8 37. f4 Bf3 38. Rd3 Be2+ 39. Qxe2 Rxe2 40. Kxe2 Qxc2+
41. Ke3 gxf4+ 42. gxf4 Kg7 43. Nd4 Qc5 44. Rd2 Qxa5 45. Nb3 Qh5 46. Rh2 a5 47. h4 a4 48. Nd4 a3 49. Nf3 Qc5+ 50. Nd4 Qc3+
51. Ke4 Qc4 52. Rg2+ Kf8 53. Rc2 Qa4 54. Ke3 a2
0-1

[Event "Christmas special"]
[Site "SchemingMind.com"]
[Date "2018.01.15"]
[Round "-"]
[White "Omahony"]
[Black "Phillip Beckett"]
[Result "1/2-1/2"]
[WhiteCountry "ENG"]
[BlackCountry "ENG"]
[WhiteElo "1792"]
[WhiteRD "69"]
[BlackElo "1605"]
[BlackRD "56"]
[GameID "423359"]

1. d4 d5 2. e3 e6 3. Bd3 Nf6 4. Nd2 c5 5. c3 Nc6 6. f4 Bd6 7. Ngf3 cxd4 8. cxd4 O-O 9. O-O Bd7 10. Ne5 Nb4
11. Bb1 Rc8 12. a3 Nc6 13. Ndf3 Ne4 14. Bd3 f5 15. Bd2 a6 16. Rc1 Nxe5 17. Nxe5 Bxe5 18. fxe5 Qg5 19. Qe2 Rxc1 20. Bxc1 Rc8
21. Bd2 Be8 22. Qd1 Bh5 23. Qe1 Nxd2 24. Qxd2 Rf8 25. Qf2 Bg6 26. h4 Qe7 27. g3 Be8 28. Kh2 g5 29. Rg1 gxh4 30. gxh4+ Kh8
31. Qg3 Bh5 32. Qf4 Bg4 33. Qg3 Rg8 34. Rg2 Qf7 35. Qf2 Qh5 36. b4 Bf3 37. Rxg8+ Kxg8 38. Qg3+ Qg4 39. Qxg4+ Bxg4 40. Kg3 Kg7
41. Bc2=
1/2-1/2

[Event "Christmas special"]
[Site "SchemingMind.com"]
[Date "2018.01.16"]
[Round "-"]
[White "Scooter"]
[Black "Omahony"]
[Result "1-0"]
[WhiteCountry "USA"]
[BlackCountry "ENG"]
[WhiteElo "1679"]
[WhiteRD "56"]
[BlackElo "1792"]
[BlackRD "69"]
[GameID "423360"]

1. d4 d5 2. Nf3 Bf5 3. Bf4 e6 4. e3 c6 5. Bd3 Bg6 6. O-O Nf6 7. h3 Bd6 8. Bxd6 Qxd6 9. c3 Nbd7 10. Bxg6 hxg6
11. Nbd2 Rh5 12. c4 g5 13. c5 Qc7 14. Nh2 O-O-O 15. b4 Rdh8 16. Ng4 Rh4 17. Nxf6 Nxf6 18. Nf3 R4h5 19. Nh2 g4 20. Nxg4 Ne4
21. f4 g5 22. fxg5 Qg3 23. Qf3 Qxf3 24. Rxf3 Nxg5 25. Rf4 f5 26. Nf2 Kd7 27. Nd3 Nf7 28. a4 Rg8 29. Kf1 Rhg5 30. Ra2 Rg3
31. Rf3 Rxf3+ 32. gxf3 Rg3 33. Kf2 Rxh3 34. Kg2 Ng5 35. Ne5+ Kc7 36. f4 Rh5 37. fxg5 Rxg5+ 38. Kf3 Rh5 39. Rg2 Rh7 40. Rg6 Re7
41. Rf6 b6 42. Rf7 Rxf7 43. Nxf7
1-0

[Event "Christmas special"]
[Site "SchemingMind.com"]
[Date "2018.01.16"]
[Round "-"]
[White "Omahony"]
[Black "private napoleon"]
[Result "1-0"]
[WhiteCountry "ENG"]
[BlackCountry "ENG"]
[WhiteElo "1792"]
[WhiteRD "69"]
[BlackElo "1761"]
[BlackRD "87"]
[GameID "423361"]

1. d4 d5 2. e3 Bf5 3. Bd3 Bg6 4. f4 f5 5. Nf3 Nd7 6. O-O Ngf6 7. Ne5 c6 8. Nd2 e6 9. Ndf3 Ne4 10. c4 Bd6
11. Bd2 Qe7 12. a3 Nxe5 13. dxe5 Bc7 14. Qe2 O-O 15. Rac1 Bh5 16. Qe1 Bb6 17. Kh1 Rad8 18. Nd4
1-0

[Event "Christmas special"]
[Site "SchemingMind.com"]
[Date "2018.01.17"]
[Round "-"]
[White "JimM"]
[Black "Omahony"]
[Result "0-1"]
[WhiteCountry "USA"]
[BlackCountry "ENG"]
[WhiteElo "1720"]
[WhiteRD "85"]
[BlackElo "1797"]
[BlackRD "68"]
[GameID "423362"]

1. e4 e6 2. d4 d5 3. Nc3 dxe4 4. Nxe4 Nd7 5. Nf3 Be7 6. Bb5 Nf6 7. Qe2 O-O 8. O-O a6 9. Ba4 b5 10. Bb3 Bb7
11. Neg5 Nd5 12. Qe4 N7f6 13. Qd3 c5 14. dxc5 Bxc5 15. c3 Qe7 16. Bc2 g6 17. b4 Bb6 18. a4 Rac8 19. Ra3 Rc7 20. axb5 axb5
21. Qxb5 Rfc8 22. Bb2 Qd6 23. Qd3 Qd7 24. Ne5 Qe8 25. Ba4 Qf8 26. c4 Nxb4 27. Qc3 Nbd5 28. Qb3 Nb4 29. Ngxf7 Rxf7 30. Nxf7 Kxf7
31. Bc3 Bc5 32. Raa1 Be4 33. Bb5 Kg8 34. Qb2 Ng4 35. Bd4 Qf4 36. Be5 Nxe5 37. Qc3 Nbd3
0-1

[Event "Christmas special"]
[Site "SchemingMind.com"]
[Date "2018.01.16"]
[Round "-"]
[White "Omahony"]
[Black "ray winteringham"]
[Result "0-1"]
[WhiteCountry "ENG"]
[BlackCountry "ENG"]
[WhiteElo "1792"]
[WhiteRD "69"]
[BlackElo "1528"]
[BlackRD "52"]
[GameID "423363"]

1. d4 d5 2. e3 e6 3. Bd3 Bd6 4. f4 Bd7 5. Nf3 Nf6 6. Ne5 Nc6 7. c3 a6 8. Nd2 Qe7 9. b4 b5 10. O-O h6
11. Qf3 O-O 12. Qh3 Nh7 13. Ndf3 Qe8 14. g4 f6 15. Ng6 Rf7 16. Bd2 Ne7 17. Rf2 Nf8 18. Nfh4 Qd8 19. Raf1 Nfxg6 20. Nxg6 Nxg6
21. Bxg6 Rf8 22. Qh4 Be7 23. f5 exf5 24. gxf5 Be8 25. Qh5 Bxg6 26. Qxg6 Qe8 27. Qg4 Kh7 28. Rg2 Rg8 29. e4 dxe4 30. Qxe4 Qf7
31. Qh4 Rad8 32. Rg6 Rd5 33. Rxh6+ gxh6+ 34. Kh1 Qg7 35. Qe4 c6 36. Be3 Qf7 37. Qf4 Qh5 38. Qc7 Rg7 39. Qf4 Rg5 40. Qe4 Bd6
41. Bf4 Rdxf5
0-1

[Event "Christmas special"]
[Site "SchemingMind.com"]
[Date "2018.01.16"]
[Round "-"]
[White "Chessibelle"]
[Black "Omahony"]
[Result "0-1"]
[WhiteCountry "ENG"]
[BlackCountry "ENG"]
[WhiteElo "1078"]
[WhiteRD "58"]
[BlackElo "1792"]
[BlackRD "69"]
[GameID "423364"]

1. e4 e6 2. d3 d5 3. Nc3 dxe4 4. Nxe4 Nd7 5. g3 Be7 6. Nf3 Ngf6 7. c3 O-O 8. Be2 b6 9. O-O Bb7 10. Neg5 Nd5
11. d4 N7f6 12. Bd2 h6 13. Nh3 c5 14. Nf4 Qc7 15. Ne5 Rad8 16. a3 Bd6 17. c4 Nxf4 18. Bxf4 Be4 19. f3 Bh7 20. h3 cxd4
21. b4 Bxe5 22. Kg2 Bxf4 23. gxf4 Qxf4 24. Qa4 Qd2 25. Rfe1 d3 26. Rad1 Qc3 27. Bf1 d2 28. Re2 Bd3 29. Rf2 Bc2 30. Qxa7 Bxd1
31. Kh2 Bxf3 32. Qxb6 d1=Q 33. Qc7 Qe3 34. Qg3 Qxf2+ 35. Qxf2 Rd2 36. Kg3 Rxf2 37. Kxf2 Ne4+
0-1

[Event "Christmas special"]
[Site "SchemingMind.com"]
[Date "2018.01.16"]
[Round "-"]
[White "Stephen Woodhouse"]
[Black "Omahony"]
[Result "1-0"]
[WhiteCountry "ENG"]
[BlackCountry "ENG"]
[WhiteElo "1830"]
[WhiteRD "66"]
[BlackElo "1794"]
[BlackRD "77"]
[GameID "423365"]

1. e4 e6 2. d4 d5 3. Nd2 dxe4 4. Nxe4 Nd7 5. Bd3 Be7 6. Nf3 Ngf6 7. Qe2 O-O 8. Bg5 Rb8 9. O-O b6 10. Rad1 Bb7
11. Nxf6+ Nxf6 12. c3 Qc8 13. Ne5 c5 14. Ng4 Qc6 15. f4 Rfe8 16. Nxf6+ gxf6 17. Bh6 f5 18. Rf3 Bf6 19. Rg3+ Kh8 20. Bb5 Qd5
21. Bxe8 Rxe8 22. Qh5 Rg8 23. Qxf7 Rxg3 24. Qxf6+
1-0

[Event "Christmas special"]
[Site "SchemingMind.com"]
[Date "2018.01.15"]
[Round "-"]
[White "Omahony"]
[Black "Wojtek26"]
[Result "1-0"]
[WhiteCountry "ENG"]
[BlackCountry "POL"]
[WhiteElo "1794"]
[WhiteRD "77"]
[BlackElo "1426"]
[BlackRD "54"]
[GameID "423366"]

1. d4 d5 2. e3 e6 3. Bd3 Nf6 4. f4 Be7 5. Nf3 O-O 6. O-O Nbd7 7. Ne5 Nxe5 8. fxe5 Nd7 9. Nd2 c5 10. c3 c4
11. Bc2 Bg5 12. Nf3 Bh6 13. Qe1 b6 14. e4 dxe4 15. Bxe4 Bxc1 16. Rxc1 Rb8 17. Qg3 Bb7 18. Rce1 Bxe4 19. Rxe4 b5 20. a3 h6
21. Rg4 g5 22. Nxg5 Qxg5 23. Rxg5+ hxg5 24. Qxg5+ Kh7 25. Rf3
1-0

[Event "Christmas special"]
[Site "SchemingMind.com"]
[Date "2018.01.20"]
[Round "-"]
[White "Omahony"]
[Black "TheHornedReaper "]
[Result "1-0"]
[WhiteCountry "ENG"]
[BlackCountry "ROU"]
[WhiteElo "1797"]
[WhiteRD "68"]
[BlackElo "1246"]
[BlackRD "49"]
[GameID "423367"]

1. d4 d5 2. e3 Nf6 3. Bd3 e6 4. Nd2 c5 5. c3 Nc6 6. f4 cxd4 7. exd4 Bd6 8. Ndf3 O-O 9. Ne5 Be7 10. Ngf3 Bd7
11. O-O Qc7 12. Bd2 Rac8 13. Rc1 h6 14. Bb1 a6 15. Qe1 Ne8 16. Qg3 Nf6 17. Rce1 Ne4 18. Re2 Nxg3 19. hxg3 f6 20. Nd3
1-0

[Event "Christmas special"]
[Site "SchemingMind.com"]
[Date "2018.01.15"]
[Round "-"]
[White "Omahony"]
[Black "Keithk"]
[Result "0-1"]
[WhiteCountry "ENG"]
[BlackCountry "ENG"]
[WhiteElo "1792"]
[WhiteRD "69"]
[BlackElo "2306"]
[BlackRD "75"]
[GameID "423368"]

1. d4 Nf6 2. e3 g6 3. Bd3 Bg7 4. f4 c5 5. Nf3 d5 6. c3 O-O 7. Nbd2 Nc6 8. Ne5 Qc7 9. O-O a5 10. Ndf3 a4
11. a3 c4 12. Bc2 b5 13. Bd2 Na5 14. Qe2 Nb3 15. Rae1 Ne4 16. h3 f6 17. Ng4 Ng3 18. Qf2 Nxf1 19. Rxf1 Bd7 20. Ngh2 e5
21. Kh1 e4 22. Ng1 Rfc8 23. Bc1 b4 24. axb4 Nxc1 25. Rxc1 a3 26. bxa3 Rxa3 27. Bb1 f5 28. g4 Rca8 29. Ne2 fxg4 30. Nxg4 Rb3
31. Ne5 Rb2 32. Qe1 Bxh3 33. Rc2 Raa2 34. Bxa2 Rxc2 35. Bb1 Rb2 36. Qd1 Qc8 37. Bc2 Bxe5 38. fxe5 Qg4
0-1